000 00549nam a2200205 4500
001 bimo0000201648
003 OSt
005 20130712110601.0
008 880905s19590000sp 0000 spa
020 _a84-239-0336-2
040 _aIBH
_cBMC
082 _a864
100 1 0 _97
_aUnamuno, Miguel de
_d1864-1936
245 1 0 _aDe mi país
_cMiguel de Unamuno
_b: descripciones, relatos y artículos de costumbres
250 _a6ª ed
260 0 _aMadrid
_bEspasa-Calpe
_c1973
300 _a148 p.
_c18 cm
490 0 _aAustral
_v336
942 _2ddc
_cBK
999 _c225
_d225